00720nam a22002297a 4500003000800000008004100008020001500049037002300064040002600087041000800113080001100121100002700132245014200159260003100301300001900332440002400351504001400375650003700389655001200426700002600438700002600464BI-BuBU260109b1982 fr fr|||| 000 0 fre d a2729600116 a80172bFonds S.400 aBI-BuBUbfrecBI-BuBU0 afre a658.011 4aut.aTregoe, Benjamin13aLa force motricebune nouvelle stratégie pour l'entreprisecBenjamin Tregoe, John Zimmerman ; trad. de l'américain par Jacques Guiod. aParisbInterEditionsc1982 a154 p.c22 cm. 0aTendances actuelles aBibliogr. 72BI-BuBUaEntreprisexStratégie 2BI-BuBU1 4aut.aZimmerman, John1 4trad.aGuiod, Jacques